000 00793nam a22002297a 4500
999 _c25867
_d25867
005 20190517153241.0
008 080814t xxu||||| |||| 00| 1 eng d
010 _aB-284979
020 _a0143330292
_c165.00
020 _a9780143330295
_c165.00
035 _aB-284979, B-215567, B-215560,B-215571
037 _bUBH (Vender)
040 _aDPL
_bENG
082 _aS
100 _aBanerjee, Anjali
245 _aBringing back grandfather /
_cby Anjali Banerjee
260 _aNew Delhi
_bPuffin Books
_c2006
270 _a11, Community Centre, Panchsheel Park,
_bNew Delhi
_e110017
300 _aviii, 165p.
_c20cm. (pbk)
942 _2ddc
_cEN
_hS
_mBAN